000 00311nam a22001337a 4500
008 170530b xxu||||| |||| 00| 0 eng d
020 _a9780195056679
041 _aeng
080 _a93
100 _a17
101 _aSHH
245 _aINFLUENCE OF SEA POWER ON ANCIENT HISTORY
_cSTARR, CH.G
942 _2udc
_cBK
999 _c15030
_d15030